header

On the improvement of the understanding (Record no. 3160)

MARC details
000 -LEADER
fixed length control field 00998nam a2200253Ia 4500
100 1# - MAIN ENTRY--AUTHOR NAME
Personal name Spinoza, Benedictus de,
245 10 - TITLE STATEMENT
Title On the improvement of the understanding
260 ## - PUBLICATION, DISTRIBUTION, ETC. (IMPRINT)
Place of publication Champaign, IL :
Name of publisher Project Gutenberg,
Year of publication 2001.
300 ## - PHYSICAL DESCRIPTION
Number of Pages 29 p.
650 #0 - SUBJECT ADDED ENTRY--TOPICAL TERM
Topical Term Philosophy.
Topical Term Philosophy, Modern.
856 40 - ELECTRONIC LOCATION AND ACCESS
Uniform Resource Identifier http://site.ebrary.com/lib/rucke/Doc?id=5001007

No items available.

© 2026 Rongo University
Contact us: librarian | system librarian | Rongo university